=LDR 00000nam 2200000 4500 =001 INLIS000000000055961 =005 20200810091203 =035 ##$$a 0010-0820000102 =007 ta =008 200810###########################0#ger## =020 ##$$a 3-920028-12-0 =082 ##$$a 943 =084 ##$$a 943 Lau d =100 #$$a Alfred lau =245 1#$$a Deutschland : $b wie es lebt /$c Alfred Lau =260 ##$$a Jerman :$b Univers-Verlag,$c 1978 =300 ##$$a 126 Halaman : $b Ilustrasi ; $c 25 cm =650 #4$$a Jerman =990 ##$$a 27762776